|
|
|
|
| LEADER |
00000cam a2200000 i 4500 |
| 001 |
1/99650 |
| 008 |
081217s1964 gre d |
| 035 |
|
|
|l 10102546
|
| 040 |
|
|
|a GR-MY-UA
|b gre
|e aacr
|
| 041 |
0 |
|
|a gre
|
| 082 |
0 |
|
|a 920.71
|2 (22)
|
| 245 |
1 |
0 |
|a Αφιέρωμα εις τον Κωνσταντίνον Σπυριδάκιν /
|c [επιμελητής ύλης: Κύπρος Χρυσάνθης]
|
| 260 |
|
|
|a Λευκωσία, Κύπρος :
|b [χ.ό.],
|c 1964
|
| 300 |
|
|
|a 236 σ.;
|c 24 εκ.
|
| 600 |
1 |
0 |
|a Σπυριδάκης, Κωνσταντίνος
|d 1903-
|
| 650 |
0 |
0 |
|a Biography.
|
| 651 |
|
0 |
|a Cyprus
|x History.
|
| 700 |
1 |
|
|a Χρυσάνθης, Κύπρος
|d 1915-
|4 edt
|
| 852 |
|
|
|a INST
|b RHODES
|c AKA
|e 20081217
|h 920.71 ΑΦΙ
|p 005400031559
|q 005400031559
|t BK
|y 0
|
| 901 |
|
|
|a BIBL4-2008-3
|
| 909 |
|
|
|a Ρ
|b 156629
|
| 970 |
|
|
|a ΚΟΖΑ
|b ΜΑΡΙΑ
|z 2008/12/17
|